LEADER 00808nam a2200229 i 4500 001 000000172391 003 CaOOAMICUS 005 20090223000000.0 008 090223s2008 it u000 u ita u 013 $a149833 020 $a978-88-10-23109-8 040 $aSeMil$bita 245 10$aA-K. 260 $aBologna :$bEDB,$c2008. 300 $a943 p. ;$c22 cm. 773 0 $tDizionario dei miracoli e dello straordinario cristiano.$dBologna : EDB, 2008.$g1$w()20768 850 $aSeMil 852 $aSeMil$W1$xVenegono$y1$mSL1.M III 48$j123253$B123253$CSeMilBibl$Z2$F139925 $8I 961 $aAbbonamento: EDB 996 $6020$a978-88-10-23109-8$9(OLS)http://semarc/number/159783 996 $6245$aA-K$9(OLS)http://semarc/title/78579 996 $6260$aBologna :$bEDB$9(OLS)http://semarc/publisher/29669 LEADER 01093nam a2200241 i 4500 001 000000047801 003 CaOOAMICUS 005 20100830000000.0 008 100830s1985 it u000 u ita u 013 $a18971 040 $aSeMil$bita 100 1 $aGadamer, Hans-Georg,$d<1900-2002>.$0(OLS)http://semarc/name/2119 245 10$aGriechische Philosophie 2. /$cHans-Georg Gadamer. 260 $aTübingen :$bMohr,$c1985, unveränderte Taschenausg. 1999. 300 $a241 p. ;$c19 cm. 490 0 $aUTB für Wissenschaft ;$v2115 773 0 $aGadamer, Hans-Georg <1900-2002>$tGesammelte Werke.$bUnveränd. Taschenbuchausg.$dTübingen : Mohr Siebeck, 1999.$kUTB für Wissenschaft$z3-8252-2115-6$z3-16-147182-2$gBd.6$w()7027 830 0$aUTB für Wissenschaft ;$v2115.$0(OLS)http://semarc/title/9405 850 $aSeMil 852 $aSeMil$W1$xVenegono$y1$m2OA IV 17$j13956$B13956$CSeMilBibl$Z2$F13956 $81 961 $aAcquisto: Herder 996 $6245$aGriechische Philosophie 2.$9(OLS)http://semarc/title/72160 996 $6260$aTübingen :$bMohr$9(OLS)http://semarc/publisher/29804